| 000 | 00996nam a2200241 a 4500 | ||
|---|---|---|---|
| 001 | 57576 | ||
| 003 | BD-RjUL | ||
| 005 | 20211209080530.0 | ||
| 008 | 161210m19581955ii ||||| |||| 00| 0 ben d | ||
| 020 | _c: IRs. 10.00 | ||
| 035 | _a(BD-RjUL)57700 | ||
| 040 |
_aBD-RjUL _bben _cBD-RjUL _dBD-RjUL |
||
| 041 | _aben | ||
| 082 |
_a891.4409 _bSEB 1955-1958 _223 |
||
| 100 | 1 |
_aসেন, সুকুমার _9117517 |
|
| 245 | 1 | 0 |
_aবাঙ্গালা সাহিত্যের ইতিহাস / _cসুকুমার সেন |
| 260 |
_aকলিকাতা : _bবর্দ্ধমান সাহিত্য সভা, _c১৯৫৫-১৯৫৮ |
||
| 300 |
_a খণ্ড ; _c২৩ সেমি. |
||
| 505 | 1 | _aখণ্ড ২ -- খণ্ড ৪, (১৮৯১-১৯৪১) -- | |
| 650 |
_aবাংলা সাহিত্য _xইতিহাস ও সমালোচনা _9117518 |
||
| 650 |
_aBengali literature _vHistory and Criticism _9117446 |
||
| 942 |
_2ddc _cBK |
||
| 999 |
_c57576 _d57576 |
||